| 000 | 00796nac a22002171u 4500 | ||
|---|---|---|---|
| 010 | _a 94019445 | ||
| 020 | _a0899509533 (lib. bdg. : alk. paper) | ||
| 082 | 0 | 0 |
_a394.26 _bWEA |
| 090 |
_c7013 _d7013 |
||
| 100 | _aWeaver, Robert S., | ||
| 245 | 1 | 0 |
_aInternational holidays : _b204 countries from 1994 through 2015, with tabular appendices of religious holidays, 1900-2100 / _cby Robert S. Weaver. |
| 260 |
_aJefferson, N.C. : _bMcFarland,c1995. _cc1995. |
||
| 300 |
_axiv, 361 p. ; _c24 cm. |
||
| 500 | _aDonations - AUC. | ||
| 500 | _aDonations. | ||
| 504 | _aIncludes bibliographical references and index. | ||
| 511 | _aCatalogued By: Mahitab. | ||
| 650 | 0 |
_aHolidays _vCalendars. |
|
| 650 | 0 |
_aSpecial days _vCalendars. |
|
| 942 |
_cBB _k394.26WEA |
||
| 999 |
_c7013 _d7013 |
||